| 000 | 00906nam a22002535a 4500 | ||
|---|---|---|---|
| 003 | OSt | ||
| 005 | 20170507112443.0 | ||
| 008 | 170308s2010 ua frb 000 0 ara d | ||
| 016 | _a2010 / 4046 | ||
| 020 | _a9789773133652 | ||
| 040 |
_aEG-ScBUE _bara _cEG-ScBUE |
||
| 082 | 0 | 4 |
_a341.37 _bش ا ف _222 |
| 100 | 1 | _aشافعي، محمد. | |
| 245 | 1 | 0 |
_aفنون ومهارات التفاوض وأساليب الإدارة الحديثة / _cمحمد الشافعي. |
| 250 | _aط. 1. | ||
| 260 |
_aالقاهرة : _bالمحروسة للنشر والخدمات الصحفية والمعلومات، _c2010. |
||
| 300 |
_a455 ص. ؛ _c24 سم. |
||
| 504 | _aيشتمل على إرجاعات ببليوجرافية. | ||
| 650 | 7 |
_aالمفاوضات (إدارة أعمال) _2BUEsh |
|
| 650 | 7 |
_aالنجاح الإداري. _2BUEsh |
|
| 651 | _2BUEsh | ||
| 653 |
_bLLAAWW _cMay2017 |
||
| 942 | _2ddc | ||
| 999 |
_c24783 _d24755 |
||